[Event "AUTO-INT-901"]
[Site "http://www.queenalice.com/game.php?id=402719"]
[Date "2008.5.14"]
[Round "1"]
[White "CeaRaSC"]
[Black "SirChris007"]
[Result "0-1"]
[WhiteElo "1525"]
[BlackElo "1640"]

1. d4 d5 2. Nc3 Nf6 3. Bg5 e6 4. f4 Bb4 5. a3 Bxc3+ 6. bxc3 O-O 7. e3 b6 8. c4
c6 9. cxd5 cxd5 10. Bb5 a6 11. Bxf6 Qxf6 12. c4 axb5 13. cxb5 Bd7 14. a4 Qf5 15.
g4 Qe4 16. Nf3 Qxe3+ 17. Qe2 Qc3+ 18. Kf2 e5 19. Rhc1 Qb4 20. fxe5 Bxg4 21. Ke3
Qb3+ 22. Kf4 Bh5 23. Rab1 Qxa4 24. Qe3 Bxf3 25. Qxf3 Qxd4+ 26. Kg3 Qxe5+ 27. Qf4
Ra3+ 28. Kg4 f5+ 29. Kg5 h6+ 30. Kg6 Qxf4 31. Rg1 Rf6+ 32. Kh5 Rh3# 0-1

[Event "AUTO-INT-901"]
[Site "http://www.queenalice.com/game.php?id=402720"]
[Date "2008.5.14"]
[Round "1"]
[White "SirChris007"]
[Black "CeaRaSC"]
[Result "1-0"]
[WhiteElo "1632"]
[BlackElo "1530"]

1. e4 d6 2. d4 Nf6 3. Nc3 c6 4. Nf3 Bg4 5. Be2 d5 6. e5 Ne4 7. O-O e6 8. Be3 Bb4
9. a3 Nxc3 10. bxc3 Bxc3 11. Rb1 b5 12. Rb3 Bxf3 13. Bxf3 Ba5 14. Bh5 g6 15. Bg4
h5 16. Bf3 f6 17. Bf4 g5 18. Bxh5+ Kf8 19. Be3 Nd7 20. Qf3 Ke7 21. Bxg5 fxg5 22.
Qf7# 1-0

[Event "AUTO-INT-901"]
[Site "http://www.queenalice.com/game.php?id=402735"]
[Date "2008.5.14"]
[Round "1"]
[White "Maffu"]
[Black "SirChris007"]
[Result "0-1"]
[WhiteElo "1656"]
[BlackElo "1604"]

1. d4 d5 2. Bg5 Nf6 3. Bxf6 exf6 4. c4 Bb4+ 5. Nc3 dxc4 6. e4 O-O 7. Bxc4 Nc6 8.
Nf3 Bg4 9. O-O Bxc3 10. bxc3 a6 11. Qc2 Bxf3 12. gxf3 b5 13. Bd3 g6 14. Rfe1 b4
15. d5 Ne5 16. f4 Nf3+ 17. Kf1 Nxe1 18. Rxe1 bxc3 19. Qxc3 Qd7 20. Qxf6 Qh3+ 21.
Ke2 Rab8 22. f5 Qh5+ 23. Kd2 Qxh2 24. Re2 Qf4+ 25. Kc2 Qd6 26. Qh4 Qe5 27. Kd1
Qa1+ 28. Kd2 Qxa2+ 29. Ke3 Qa3 30. fxg6 Qc5+ 31. Kf3 fxg6+ 32. Kg2 Rb3 33. Bc2
Rb2 34. Bd3 Rb6 35. Rc2 Qd4 36. Qh3 Rbf6 37. Bc4 Rxf2+ 38. Kh1 Qd1+ 0-1

[Event "AUTO-INT-901"]
[Site "http://www.queenalice.com/game.php?id=402736"]
[Date "2008.5.14"]
[Round "1"]
[White "SirChris007"]
[Black "Maffu"]
[Result "1-0"]
[WhiteElo "1597"]
[BlackElo "1717"]

1. e4 g6 2. e5 Bg7 3. d4 a6 4. Nf3 h6 5. g3 b6 6. Bg2 Bb7 7. O-O e6 8. c4 d6 9.
Bf4 g5 10. Be3 Nd7 11. b4 f6 12. exf6 Qxf6 13. Na3 Ne7 14. c5 g4 15. Nh4 Bxg2
16. Nxg2 dxc5 17. bxc5 bxc5 18. Qxg4 h5 19. Qe4 O-O 20. Rad1 Nf5 21. dxc5 Rad8
22. Nf4 Nxe3 23. Qxe3 Rde8 24. Rxd7 h4 25. Nh5 Qg6 26. Nxg7 Qxg7 27. Rxg7+ 1-0

[Event "AUTO-INT-901"]
[Site "http://www.queenalice.com/game.php?id=402745"]
[Date "2008.5.14"]
[Round "1"]
[White "chapichapo"]
[Black "SirChris007"]
[Result "1-0"]
[WhiteElo "1748"]
[BlackElo "1622"]

1. e4 e5 2. Nf3 d6 3. Bc4 Nf6 4. d3 Bg4 5. Nc3 Bxf3 6. Qxf3 Be7 7. Nd5 c6 8.
Nxf6+ Bxf6 9. Bg5 O-O 10. Bxf6 Qxf6 11. Qxf6 gxf6 12. h4 b5 13. Bb3 a5 14. a4
Nd7 15. Rh3 Nc5 16. axb5 a4 17. Bc4 cxb5 18. Bd5 Ra7 19. Kd2 Kh8 20. Rf3 Rg8 21.
b4 Na6 22. c3 Rxg2 23. Rxf6 Rd7 24. Bc6 Ra7 25. Bxb5 Nc7 26. Rxf7 Rh2 27. Rg1
Rxh4 28. Rf8# 1-0

[Event "AUTO-INT-901"]
[Site "http://www.queenalice.com/game.php?id=402746"]
[Date "2008.5.14"]
[Round "1"]
[White "SirChris007"]
[Black "chapichapo"]
[Result "0-1"]
[WhiteElo "1618"]
[BlackElo "1680"]

1. e4 e5 2. Nf3 Nf6 3. d3 Bc5 4. Bd2 Ng4 5. b4 Bxf2+ 6. Ke2 Bb6 7. h3 Nf2 8. Qe1
Nxh1 9. Nxe5 Nf2 10. Be3 Bxe3 11. Kxe3 Nxh3 12. gxh3 Qg5+ 13. Kd4 d6 14. Nf3
Nc6+ 15. Kc3 a5 16. Nxg5 axb4+ 17. Kd2 Nd4 18. Qe3 c5 19. c3 Nb3+ 20. Ke2 Nxa1
21. Ke1 Nc2+ 0-1

[Event "AUTO-INT-836"]
[Site "http://www.queenalice.com/game.php?id=417516"]
[Date "2008.6.14"]
[Round "2"]
[White "Moquiche"]
[Black "SirChris007"]
[Result "1-0"]
[WhiteElo "1866"]
[BlackElo "1580"]

1. d4 d5 2. e3 e6 3. c4 Bb4+ 4. Bd2 Bxd2+ 5. Nxd2 Nf6 6. Qa4+ Bd7 7. Qb4 b6 8.
O-O-O a5 9. Qa3 dxc4 10. Bxc4 Nc6 11. Bb5 Nb4 12. Bd3 O-O 13. Ngf3 Nxd3+ 14.
Qxd3 Bc6 15. Kc2 Ba4+ 16. b3 Bc6 17. e4 h6 18. a4 e5 19. Nxe5 Qd6 20. Nxc6 Qxc6+
21. Qc3 Qxc3+ 22. Kxc3 1-0

[Event "AUTO-INT-836"]
[Site "http://www.queenalice.com/game.php?id=417517"]
[Date "2008.6.14"]
[Round "2"]
[White "SirChris007"]
[Black "Moquiche"]
[Result "0-1"]
[WhiteElo "1575"]
[BlackElo "1871"]

1. e4 c5 2. c3 e6 3. d4 d5 4. e5 c4 5. Nf3 f6 6. Bf4 g5 7. Be3 g4 8. Nfd2 fxe5
9. dxe5 Nc6 10. Bd4 Nxd4 11. cxd4 Qb6 12. b3 Qxd4 13. Na3 Qxe5+ 14. Be2 Bxa3 15.
O-O Bd6 16. g3 c3 17. Bxg4 cxd2 18. f4 Qe3+ 19. Kh1 Nf6 20. Bh5+ Kf8 21. a4 Nxh5
22. Qxh5 Bd7 0-1

[Event "AUTO-INT-836"]
[Site "http://www.queenalice.com/game.php?id=417520"]
[Date "2008.6.14"]
[Round "2"]
[White "SirChris007"]
[Black "daf88"]
[Result "0-1"]
[WhiteElo "1644"]
[BlackElo "2148"]

1. e4 e6 2. d4 d5 3. e5 c5 4. Bb5+ Bd7 5. Bxd7+ Nxd7 6. c3 Qb6 7. Nf3 Ne7 8. b3
cxd4 9. cxd4 Nf5 10. O-O h5 11. Na3 Be7 12. Bb2 g5 13. h3 Rc8 14. g3 Nb8 15. Nc2
Nc6 16. g4 hxg4 17. hxg4 Nh4 18. a4 Qxb3 19. Qb1 Qxf3 20. Ne1 Qg2+ 21. Nxg2 Nf3#
0-1

[Event "AUTO-INT-836"]
[Site "http://www.queenalice.com/game.php?id=417521"]
[Date "2008.6.14"]
[Round "2"]
[White "daf88"]
[Black "SirChris007"]
[Result "1-0"]
[WhiteElo "2149"]
[BlackElo "1642"]

1. e4 e5 2. Nc3 Nf6 3. f4 d6 4. Nf3 Bg4 5. h3 Bxf3 6. Qxf3 Nc6 7. Bb5 Be7 8. O-O
O-O 9. Bxc6 bxc6 10. d3 c5 11. g4 h6 12. f5 d5 13. exd5 Qd7 14. h4 g6 15. g5
hxg5 16. hxg5 Nh7 17. f6 Bd6 18. Kg2 Rae8 19. Ne4 c6 20. dxc6 Qxc6 21. Rh1 c4
22. Qh3 Nxg5 23. Qh8# 1-0

[Event "Challenge"]
[Site "http://www.queenalice.com/game.php?id=428694"]
[Date "2008.7.6"]
[Round "-"]
[White "SirChris007"]
[Black "Viceroy"]
[Result "0-1"]
[WhiteElo "1593"]
[BlackElo "1675"]

1. e4 c6 2. d4 d5 3. e5 c5 4. Bb5+ Bd7 5. Bxd7+ Qxd7 6. c3 cxd4 7. cxd4 Nc6 8.
Nf3 e6 9. b3 f6 10. Bb2 Be7 11. O-O Nh6 12. Na3 Nf7 13. Nb5 O-O 14. Nc3 fxe5 15.
Re1 exd4 16. Nxd4 Nxd4 17. Qxd4 Bf6 18. Qg4 Rfe8 19. Rab1 Rac8 20. Ne2 Bxb2 21.
Rxb2 Nh6 22. Qg5 Nf5 0-1

[Event "AUTO-INT-967"]
[Site "http://www.queenalice.com/game.php?id=433816"]
[Date "2008.7.15"]
[Round "1"]
[White "Mehiel"]
[Black "SirChris007"]
[Result "0-1"]
[WhiteElo "1416"]
[BlackElo "1597"]

1. e4 e5 2. Nf3 d6 3. Nc3 Be6 4. Be2 c5 5. O-O Nf6 6. Bb5+ Bd7 7. Bxd7+ Qxd7 8.
d3 Be7 9. Bg5 Nc6 10. Bxf6 Bxf6 11. Nd5 Qe6 12. Nc7+ Ke7 13. Nxe6 fxe6 14. a3 d5
15. exd5 exd5 16. Re1 Rhe8 17. Nd2 Kd6 18. c4 d4 19. Qh5 h6 20. Ne4+ Ke6 21.
Nxf6 gxf6 22. g3 Na5 0-1

[Event "AUTO-INT-967"]
[Site "http://www.queenalice.com/game.php?id=433817"]
[Date "2008.7.15"]
[Round "1"]
[White "SirChris007"]
[Black "Mehiel"]
[Result "1-0"]
[WhiteElo "1587"]
[BlackElo "1426"]

1. e4 e5 2. Nf3 Nc6 3. d4 exd4 4. Nxd4 Nxd4 5. Qxd4 Nf6 6. Bg5 Be7 7. e5 Nh5 8.
Bxe7 Qxe7 9. Be2 g6 10. e6 Qxe6 11. Qxh8+ Ke7 12. Qxh7 b6 13. Qh8 Ba6 14. Nc3
Rxh8 15. O-O Bxe2 16. Rfe1 Qc6 17. Rxe2+ Kd8 18. Rd1 Nf6 19. Red2 d6 20. f3 Qc5+
21. Kh1 Qb4 22. Nd5 1-0

[Event "AUTO-INT-967"]
[Site "http://www.queenalice.com/game.php?id=433824"]
[Date "2008.7.15"]
[Round "1"]
[White "XaraX"]
[Black "SirChris007"]
[Result "1-0"]
[WhiteElo "1767"]
[BlackElo "1651"]

1. d4 d5 2. c4 e6 3. Nc3 Bb4 4. cxd5 exd5 5. e3 Nf6 6. Nf3 b6 7. Bd2 Na6 8. Qa4+
Nd7 9. Bxa6 Bxc3 10. bxc3 Bxa6 11. Qxa6 O-O 12. c4 c6 13. O-O Nf6 14. Ne5 Ne4
15. Bb4 Qc7 16. Bxf8 Rxf8 17. Rac1 Nd2 18. Rfd1 Nxc4 19. Nxc4 dxc4 20. Qxc4 Rc8
21. d5 c5 22. a4 Qd6 23. Qa6 Rc7 24. a5 g6 25. axb6 axb6 26. Rb1 Qe5 27. Qxb6 h5
28. Rbc1 Rc8 29. Rxc5 1-0

[Event "AUTO-INT-967"]
[Site "http://www.queenalice.com/game.php?id=433825"]
[Date "2008.7.15"]
[Round "1"]
[White "SirChris007"]
[Black "XaraX"]
[Result "0-1"]
[WhiteElo "1640"]
[BlackElo "1786"]

1. e4 e5 2. Nf3 Nc6 3. d4 exd4 4. Nxd4 Nxd4 5. Qxd4 d6 6. Bd2 Qf6 7. Bc3 Qxd4 8.
Bxd4 Be7 9. Bxg7 Bf6 10. Bxh8 Bxh8 11. c3 Be6 12. b3 O-O-O 13. Bc4 Bxc4 14. bxc4
Re8 15. f3 Nf6 16. O-O Nh5 17. a4 Nf4 18. Ra3 a6 19. g3 Nd3 20. Rd1 Ne5 21. Kg2
Nxc4 22. Rb3 Ne3+ 23. Kf2 Nxd1+ 24. Kg2 Ne3+ 25. Kf2 Nc4 26. h4 Re5 27. g4 Ra5
28. Rb4 Nb6 29. f4 Rxa4 0-1

[Event "AUTO-INT-901"]
[Site "http://www.queenalice.com/game.php?id=441446"]
[Date "2008.7.30"]
[Round "2"]
[White "SirChris007"]
[Black "Maffu"]
[Result "1-0"]
[WhiteElo "1574"]
[BlackElo "1678"]

1. e4 g6 2. e5 Bg7 3. d4 d6 4. Nf3 a6 5. c4 Bg4 6. Be2 c5 7. O-O cxd4 8. Qxd4
Bxf3 9. Bxf3 Bxe5 10. Qe3 Nc6 11. Nc3 e6 12. b3 Nge7 13. Bb2 O-O 14. Rab1 Nf5
15. Qe4 d5 16. cxd5 Bxc3 17. Bxc3 exd5 18. Qxd5 Qc7 19. Rbe1 Rad8 20. Qe4 Rfe8
21. Qc4 Nd6 22. Qf4 Na7 23. Qf6 Qxc3 24. Qxc3 Nab5 25. Rxe8+ Rxe8 26. Qd2 b6 27.
Bc6 Rf8 28. g3 f5 29. Qd5+ Nf7 30. Re1 Nc7 31. Qd7 Nb5 32. Re8 Nbd6 33. Rxf8+
Kxf8 34. Qc7 b5 35. Qb8+ Kg7 36. Qb6 1-0

[Event "AUTO-INT-901"]
[Site "http://www.queenalice.com/game.php?id=441447"]
[Date "2008.7.30"]
[Round "2"]
[White "Maffu"]
[Black "SirChris007"]
[Result "1-0"]
[WhiteElo "1630"]
[BlackElo "1571"]

1. e4 e5 2. Nc3 c6 3. f4 Bc5 4. Nf3 d6 5. Bc4 Nh6 6. d4 exd4 7. Nxd4 Bg4 8.
Bxf7+ Kxf7 9. Nf3 d5 10. Na4 Bxf3 11. Qxf3 Qa5+ 12. Nc3 Na6 13. Bd2 Qb6 14.
O-O-O Rad8 15. Qh5+ Kg8 16. f5 Bd4 17. f6 Bxf6 18. Bxh6 gxh6 19. Qxh6 Rd6 20.
Rhf1 Be5 21. Qf8# 1-0

[Event "AUTO-INT-901"]
[Site "http://www.queenalice.com/game.php?id=441450"]
[Date "2008.7.30"]
[Round "2"]
[White "SirChris007"]
[Black "rafaelalves"]
[Result "0-1"]
[WhiteElo "1593"]
[BlackElo "1813"]

1. e4 g6 2. e5 Bg7 3. d4 d5 4. Nf3 Bg4 5. Be2 f6 6. O-O Bxf3 7. Bxf3 e6 8. b3
fxe5 9. Bb2 Nc6 10. Na3 exd4 11. Nb5 e5 12. Bxd5 Nge7 13. Be6 a6 14. Qf3 Rf8 15.
Qg4 axb5 16. c3 Nf5 17. Bxf5 Rxf5 18. Rab1 Qg5 19. Qe2 O-O-O 20. Rbd1 dxc3 21.
Rxd8+ Nxd8 22. Bxc3 c6 23. g3 Qe7 24. g4 Rf4 25. f3 Qc5+ 26. Kg2 Qxc3 27. h3 Rd4
28. Kg3 g5 29. Rf2 e4 30. Kg2 e3 31. Rf1 Rd2 0-1

[Event "AUTO-INT-901"]
[Site "http://www.queenalice.com/game.php?id=441451"]
[Date "2008.7.30"]
[Round "2"]
[White "rafaelalves"]
[Black "SirChris007"]
[Result "1-0"]
[WhiteElo "1798"]
[BlackElo "1594"]

1. d4 d5 2. g3 Nc6 3. Bg2 e6 4. Nf3 Nf6 5. Bg5 Be7 6. O-O O-O 7. c3 b6 8. Qd3
Bb7 9. Nbd2 h6 10. Bxf6 Bxf6 11. e4 Bg5 12. e5 Bxd2 13. Qxd2 a5 14. a4 Ba6 15.
Rfe1 Ne7 16. Nh4 c5 17. Bf1 Nc6 18. Bxa6 Rxa6 19. Qe2 Qc8 20. Qe3 Qd8 21. dxc5
d4 22. cxd4 Nb4 23. Rec1 Nd5 24. Qe2 Ra7 25. Ng2 Rb7 26. c6 Rc7 27. Ne3 Nb4 28.
Qb5 Qxd4 29. b3 Qe4 30. Qxb6 Rxc6 31. Qxa5 Nd3 32. Rxc6 Qxc6 33. Nc4 Qf3 34. Ra2
Nc1 35. Rb2 Qd1+ 36. Kg2 Nxb3 37. Qb4 Nd4 38. Ne3 Qf3+ 39. Kh3 Ne2 40. Qe1 Nd4
41. Qd1 1-0

[Event "Challenge"]
[Site "http://www.queenalice.com/game.php?id=457568"]
[Date "2008.9.3"]
[Round "-"]
[White "SalsaQueen"]
[Black "SirChris007"]
[Result "1-0"]
[WhiteElo "1697"]
[BlackElo "1586"]

1. d4 d5 2. Nc3 e6 3. a3 Nc6 4. e3 Bd6 5. Nf3 Nf6 6. Bb5 Bd7 7. Bxc6 Bxc6 8. h3
b5 9. b4 O-O 10. g4 h6 11. g5 hxg5 12. Nxg5 Nh5 13. h4 g6 14. Bd2 a6 15. Qe2 Qe7
16. e4 Bd7 17. exd5 exd5 18. Nxd5 Qxe2+ 19. Kxe2 Rae8+ 20. Kd1 Bg4+ 21. Kc1 Bf3
22. Nxf3 Re2 23. Be1 c6 24. Nc3 Bf4+ 25. Kb2 Re6 26. d5 cxd5 27. Nxd5 Bd6 28.
Rd1 Ng7 29. Ng5 Be5+ 30. Bc3 Bxc3+ 31. Kxc3 Rc8+ 32. Kd2 Rd6 33. Kc1 Nf5 34.
Rhe1 Nxh4 35. Ne7+ 1-0